The dream came true and the stories / (Record no. 57308)

MARC details
000 -LEADER
fixed length control field 00740nam a22002057a 4500
005 - DATE AND TIME OF LATEST TRANSACTION
control field 2011100503233.0
010 ## - LCCN (DPL NO)
LC control number G-001746
020 ## - INTERNATIONAL STANDARD BOOK NUMBER
Terms of availability $ 11
International Standard Book Number 9788189693015
035 1d - SYSTEM CONTROL NUMBER
System control number G-001746
037 ## - SOURCE OF ACQUISITION
Source of stock number/acquisition Gift
082 ## - DEWEY DECIMAL CLASSIFICATION NUMBER
Classification number S
100 ## - MAIN ENTRY--PERSONAL NAME
Personal name Bhargava, Usha
245 E# - TITLE STATEMENT
Title The dream came true and the stories /
Statement of responsibility, etc by Usha Bhargava
260 ## - PUBLICATION, DISTRIBUTION, ETC. (IMPRINT)
Place of publication, distribution, etc Jaipur
Name of publisher, distributor, etc Ayush Books
Date of publication, distribution, etc 2009
270 ## - ADDRESS
Address "Deep Villa", D-3-A, Vishwadhalayapuri, Nr. Asha Public School, Gopalpura, By-Pass,
City Jaipur
Postal code 302003
300 ## - PHYSICAL DESCRIPTION
Extent 112p.
Dimensions 22cm(pbk)
942 ## - ADDED ENTRY ELEMENTS (KOHA)
Source of classification or shelving scheme Dewey Decimal Classification
Item type Children Books
Classification part S
Call number suffix BHA
Holdings
Withdrawn status Lost status Not for loan Collection code Home library Current library Date acquired Source of acquisition Cost, normal purchase price Full call number Barcode Copy number Cost, replacement price Koha item type
      Fiction Janak Puri Janak Puri 05/10/2011 gift 0.00 S BHA G-001746 1 0.00 Children Books

© Delhi Public Library
Hit Counter
free hit counter